000 00883nab a2200265 u 4500
001 11851
003 HDC
007 cr bn ---aaaaa
008 210208c mydr|nes 0 a eng d
040 _aHDC
100 _aRyan, Chloe,
_eauthor
_912213
245 0 _aSupply chain issues prompt abattoir closure /
_cby Chloe Ryan
260 _a[no place] :
_b[publisher not identified],
_c[no year]
336 _atext
_2rdacontent
337 _acomputer
_2rdamedia
338 _aonline resource
_2rdacarrier
650 _aHalal certificate
_9482
650 _aHalal food industry
_9128
650 _aSupply chain
_9537
710 _aMeatinfo.co.uk
856 _zRequest full-text at [email protected]
942 _2lcc
942 _cNEWS
942 _kNWSO 002641
999 _c9174
_d9174